Physical Chemistry : Quantum Mechanics/
Salvato in:
| Autore principale: | |
|---|---|
| Natura: | Libro |
| Lingua: | inglese |
| Pubblicazione: |
New York
Taylor
2006
|
| Edizione: | 1. vyd. |
| Soggetti: | |
| Tags: |
Nessun Tag, puoi essere il primo ad aggiungerne!!
|
MARC
| LEADER | 00000nam a22000003a 4500 | ||
|---|---|---|---|
| 001 | 0077487 | ||
| 003 | SK-STU | ||
| 005 | 20191113132810.2 | ||
| 007 | ta | ||
| 008 | 191113s ----xo-----e------000-0-----d | ||
| 020 | |a 0-8153-4087-7 | ||
| 040 | |a STU |b slo | ||
| 041 | 0 | |a eng | |
| 044 | |a xxu | ||
| 100 | 1 | |a Metiu, Horia |4 aut | |
| 245 | 1 | 0 | |a Physical Chemistry : |b Quantum Mechanics/ |c aut. Horia Metiu |
| 250 | |a 1. vyd. | ||
| 260 | |a New York |b Taylor |c 2006 | ||
| 300 | |a 481 s. | ||
| 650 | 0 | 7 | |a kvantová mechanika |
| 996 | |b 284M088237 |c M* 14260-1 |l MMKN |s A |a 24 |w 0077487_0001 | ||